De quelle langue s'agit-il ? - Statistiques

Statistiques générales
  • Ce quiz a été pris 191 fois
  • Le résultat moyen est 9 sur 27
Statistiques - réponses
"Bonjour" dans une langue étrangère Langue % Correct
Hola Espagnol
99%
صباح الخير Arabe
77%
你好 Chinois
72%
привет Russe
71%
こんにちは Japonais
67%
안녕하세요 Coréen
63%
γειά σου Grec
50%
привіт Ukrainien
47%
שלום Hébreu
35%
Hallå Suédois
35%
Hej Danois
30%
Xin chào Vietnamien
30%
Merhaba Turc
25%
прывітанне Biélorusse
21%
Szia Hongrois
19%
سلام Persan
16%
Përshëndetje Albanais
15%
მიესალმები Georgien
15%
Сайн байна уу Mongol
13%
բարեւ Ձեզ Arménien
12%
Tere Estonien
12%
העלא Yiddish
10%
Saluton Esperanto
9%
မင်္ဂလာပါ Birman
7%
Bok Croate
5%
Manahoana Malgache
5%
नमस्ते Népalais
5%
Aucun quiz correspondant
Distribution des résultats
% des personnes avec chaque résultat
Percentile par nombre de réponses
Votre historique - résultats
Vous n’avez pas pris ce quiz